000 00929cam a2200217 4500
001 WB3809-06
008 020307n2002 000 0 eng u
035 _a(Sirsi) u117046
245 _aFirms lay foundations for sustainability
260 _c2002
490 _aENDS Report
_v(325) February 2002, 10(1)
520 _aLeading constructions firms and consultants including Carillion, Balfour Beatty, Ove Arup, Laing and WS Atkins, have signed up to test a new set of sustainable development indicators for the sector. "Sustainable construction: Company indicators (C563)", is avilable from CIRIA price £90 at http://www.ciria.org.uk or t +44 (0)20 9222 8891.
590 _aWB
650 _aCONSTRUCTION FIRMS
650 _aCONSTRUCTION INDUSTRY
650 _aSUSTAINABILITY INDICATORS
650 _aENVIRONMENTAL PERFORMANCE
650 _aCIRIA
690 _aBUILT ENVIRONMENT-SUSTAINABLE CONSTRUCTION
942 _n0
999 _c69733
_d69733